عرض عادي عرض مارك
  • Shmulevich, Ilya,

مدخل إسم شخص

عدد التسجيلات المستخدمة في: 1

001 - رقم الضبط

  • حقل الضبط: 14491

003 - معرف رقم الضبط

  • حقل الضبط: OSt

005 - تاريخ ووقت أخر عملية

  • حقل الضبط: 20120520160647.0

008 - عناصر بيانات ثابتة الطول

  • حقل تحكم ثابت الطول: 120520|||a|||||| | ||| d

040 ## - مصدر الفهرسة

  • هيئة الفهرسة الأصلية: OSt
  • وكالة الكتابة: OSt

100 ## - مدخل -- أسم شخص

  • إسم شخص: Shmulevich, Ilya,
  • تواريخ مرتبطة بالاسم: 1969-

670 ## - بيانات المصدر موجوده

  • الاستشهاد بالمصدر: Work cat.: (OSt)0: Shmulevich, Ilya, 1969-, Probabilistic boolean networks :, c2010.